The Norrington Table - Statistics

General Stats
  • This quiz has been taken 9 times
  • The average score is 20 of 36
Answer Stats
2016 Score Hint College % Correct
73.94 B Balliol
100%
76.22 M Merton
100%
76.10 O Oriel
100%
74.70 W Wadham
100%
74.26 B Brasenose
83%
71.59 C Corpus Christi
83%
71.74 J Jesus
83%
71.26 K Keble
83%
71.19 L Lincoln
83%
74.95 M Magdalen
83%
72.45 P Pembroke
83%
74.82 T Trinity
83%
74.91 U University
83%
70.17 C Christ Church
67%
70.00 E Exeter
67%
70.75 H Hertford
67%
66.06 Q Queen's
67%
73.33 W Worcester
67%
72.94 H Harris Manchester
50%
67.62 M Mansfield
50%
73.18 S St Catherine's
50%
69.12 S St Hilda's
50%
70.68 S St Hugh's
50%
68.31 S St Peter's
50%
70.53 L Lady Margaret Hall
33%
71.24 N New
33%
71.46 S Somerville
33%
69.91 S St Anne's
33%
72.48 S St John's
33%
60.00 B Blackfriars
17%
67.27 R Regent's Park
17%
70.74 S St Edmund Hall
17%
56.36 R Ripon
0%
58.57 S St Benet's Hall
0%
70.00 S St Stephen's House
0%
70.00 W Wycliffe
0%
No matching quizzes found
Score Distribution
Percent of People with Each Score
Percentile by Number Answered
Your Score History
You have not taken this quiz